Public health in the nineteenth century /

Bibliographic Details
Main Author: Brockington, Fraser, 1903-
Format: Book
Language:English
Published: Edinburgh : E. & S. Livingstone, 1965.
Subjects:

MARC

Tag First Indicator Second Indicator Subfields
LEADER 00000cam a2200000 4500
001 in00003470549
005 20151206104338.0
008 770812s1965 enkacfh b 00010 eng
010 |a  66003523  
035 |a (OCoLC)ocm03182045 
040 |a DLC  |c MUB  |d TNY  |d UtOrBLW 
082 0 |a 614.0942 
090 |a RA485  |b .B79 
100 1 |a Brockington, Fraser,  |d 1903- 
245 1 0 |a Public health in the nineteenth century /  |c [by] C. Fraser Brockington. 
264 1 |a Edinburgh :  |b E. & S. Livingstone,  |c 1965. 
300 |a viii, 287 pages :  |b illustrations facsimiles, plates, portraits ;  |c 23 cm. 
336 |a text  |b txt  |2 rdacontent 
337 |a unmediated  |b n  |2 rdamedia 
338 |a volume  |b nc  |2 rdacarrier 
504 |a Includes bibliographies. 
650 0 |a Public health  |z Great Britain  |x History. 
999 |a MARS 
999 f f |s ff48c5a1-c3ab-3069-b1fb-288299af1ae9  |i 06206a4a-3eb5-35ea-a0df-1701ec079862  |t 0 
952 f f |p ric  |a Texas A&M University  |b Rellis Campus  |c Joint Library Facility  |d Remote Storage  |t 0  |e RA485 .B79  |h Library of Congress classification  |i unmediated -- volume  |m 32060001336383 
998 f f |a RA485 .B79  |t 0  |l Remote Storage